Etický kódex ako nástroj budovania podnikovej kultúry
Pojem podnikovej kultúry a etiky v podnikaní. Etika a kultúra podnikania na Slovensku a v ostatných krajinách západnej Európy a USA. Etický kódex podnikania - charakteristika a príklad z praxe. Kódex etického správania zamestnancov spoločnosti - príklad z praxe. Príklad etického kódexu manažéra. Imp...
Enregistré dans:
| Auteur principal: | |
|---|---|
| Format: | Chapitre de livre |
| Langue: | slovaque |
| Sujets: | |
| Tags: |
Pas de tags, Soyez le premier à ajouter un tag!
|
MARC
| LEADER | 00000naa$a2200000$$$4500 | ||
|---|---|---|---|
| 001 | 0036568 | ||
| 005 | 20230720074512.7 | ||
| 041 | 0 | |a slo | |
| 044 | |a SK | ||
| 245 | 1 | 0 | |a Etický kódex ako nástroj budovania podnikovej kultúry |c Igor Meňovský |
| 520 | |a Pojem podnikovej kultúry a etiky v podnikaní. Etika a kultúra podnikania na Slovensku a v ostatných krajinách západnej Európy a USA. Etický kódex podnikania - charakteristika a príklad z praxe. Kódex etického správania zamestnancov spoločnosti - príklad z praxe. Príklad etického kódexu manažéra. Implementácia etického kódexu ako súčasti budovania podnikovej kultúry do podnikovej praxe. | ||
| 610 | 2 | 0 | |a etika podniková |
| 610 | 2 | 0 | |a kultúra podniková |
| 610 | 2 | 0 | |a imidž |
| 610 | 2 | 0 | |a správanie |
| 610 | 2 | 0 | |a kódexy etické |
| 610 | 2 | 0 | |a vzťahy pracovné |
| 610 | 2 | 0 | |a vzťahy dodávateľsko-odberateľské |
| 610 | 2 | 0 | |a ochrana pracovníkov |
| 610 | 2 | 0 | |a konflikt záujmov |
| 100 | 1 | |a Meňovský, Igor | |